Statystyki dla 10 najpopularniejszych ras psów

Kliknij tutaj aby rozwiązać quiz!

Ogólne statystyki

  • Ten quiz został rozwiązany 822 razy
  • Średni wynik to 3 z 10

Statystyki odpowiedzi

miejsceOdpowiedź% Poprawnych
2Owczarek Niemiecki
88%
1Labrador Retriever
66%
5Buldog
56%
3Golden Retriever
47%
6Pudel
27%
7Beagle
19%
4Buldog Francuski
11%
8Rottweiler
8%
10Pembroke Welsh Corgi
7%
9Wyżeł niemiecki krótkowłosy
6%

Rozkład punktacji

Percentyl według liczby udzielonych odpowiedzi

Procent ludzi z każdym wynikiem

Twoja historia wyników

Nie rozwiązałeś tego quizu